| 000 | 00434nam a2200133Ia 4500 | ||
|---|---|---|---|
| 008 | 250506s9999 xx 000 0 und d | ||
| 024 | _a10B-008-BS, 10B-25-BS & 10B-36-BS | ||
| 082 | _a005.072 HAM | ||
| 100 | _aHammad Hanif Mansoor, Syed Shahrooz Shamin & Bilawal Alee | ||
| 245 | 0 | _aAcademic Hub (Educational Portal) | |
| 260 |
_aKarachi: _bUIT, _c2010 |
||
| 600 | _aComputer Science | ||
| 650 | _aBachelor of Computer Science (BS) | ||
| 999 |
_c27557 _d27557 |
||